Súčasné trendy logistiky vo výrobných odvetviach-optimalizácia obchodnej logistiky uplatnením koncepcie adaptívnych dodávateľských reťazcov

Enregistré dans:
Détails bibliographiques
Auteur principal: Oreský, Milan, 1956-
Format: Chapitre de livre
Langue:slovaque
Tags: Ajouter un tag
Pas de tags, Soyez le premier à ajouter un tag!

MARC

LEADER 00000naa$a2200000$$$4500
001 0064589
005 20240502071746.1
041 0 |a slo 
044 |a SK 
245 1 0 |a Súčasné trendy logistiky vo výrobných odvetviach-optimalizácia obchodnej logistiky uplatnením koncepcie adaptívnych dodávateľských reťazcov  |c Milan Oreský 
100 1 |a Oreský, Milan, 1956-